000 00613nam a2200193Ia 4500
003 GCL
008 140319s9999 xx 000 0 ara d
040 _aGCL /
_cGCL
082 0 4 _a780.91
_bا ا
100 1 _aامين فهمى
245 1 0 _aاصول الموسيقى العربية /
_cامين فهمى
300 _a181 ص
490 _aالهيئة العامة للاستعلامات
_v0
650 0 4 _aالموسيقى
650 0 4 _aالموسيقى العربية - تحليل
650 0 4 _aالموسيقى العربية - تقاسيم
650 0 4 _aالموسيقى - قوالب
942 _2ddc
_cBK
999 _c49971
_d49971